[Event "LSS SF-2022-0-00519"]
[Site "LSS email"]
[Date "2022.03.18"]
[Round "?"]
[White "Wilshusen, Horst"]
[Black "Hickl, Norbert"]
[Result "0-1"]
[WhiteElo "1053"]
[BlackElo "1031"]
[PlyCount "74"]
[EventDate "2022.01.01"]
[EventType "tourn (corr)"]
[EventRounds "6"]
[EventCountry "GER"]
[SourceTitle "Corr 2024"]
[Source "ChessBase"]
[SourceDate "2023.10.19"]
[SourceVersion "1"]
[SourceVersionDate "2023.10.19"]
[SourceQuality "1"]

1. b4 e5 2. a3 d5 3. Bb2 Bd6 4. e3 Nf6 5. c4 dxc4 6. Bxc4 Bg4 7. f3 Bh5 8. g4 Bg6 9. h4 h6 10. Nc3 Nbd7 11. Nge2 a5 12. b5 b6 13. Ng3 Nc5 14. Qe2 0-0 15. Kf2 Be7 16. Nf5 Bxf5 17. gxf5 Qd7 18. Rad1 Qxf5 19. d4 exd4 20. exd4 Ne6 21. Bc1 Rad8 22. d5 Bc5+ 23. Kf1 Nd4 24. Qd3 Qxf3+ 25. Qxf3 Nxf3 26. Rh3 Ne5 27. Ba2 Rfe8 28. Kg2 Ng6 29. Rf1 Bd6 30. h5 Nf8 31. Bxh6 gxh6 32. Rxf6 Nh7 33. Rf1 Bxa3 34. d6 Ng5 35. Rg3 Bxd6 36. Bxf7+ Kh8 37. Bxe8 Bxg3 0-1